000 00642nam a22002057a 4500
003 BUBTL
008 230321b ||||| |||| 00| 0 eng d
020 _a9780571225163
082 _a821.912/ El44c/ 1969
100 _94951
_aEliot, T. S.
245 _a The complete poems and plays /
_cT. S. Eliot
250 _a1st Edn.
260 _aLondon:
_bFaber and Faber,
_cc1969
300 _a608 p.:
_c24 cm.
505 _a The complete poems and plays, poems and plays, T. S. Eliot, English Literature, English
650 0 _91994
_aEnglish Literature
856 _k0
_l0
_yDownload
942 _2ddc
_cBK
999 _c6994
_d6994